02375cam a22003015i 450000100090000000300090000900500170001800800410003502000180007604000330009408200190012710000380014624501360018426400360032030000410035633600260039733700280042333800270045149000300047852012640050865000380177265000330181065300220184365500170186594200120188299900170189495201620191118772125EG-ScBUE20230103105059.0150904s2016 maua f 000 0 eng d a9781631590689 aDLCbengerdacDLCdEG-ScBUE04a741.2222bLAW1 aLawlor, Veronica,eauthor.93983714aThe urban sketching handbook :breportage and documentary drawing : tips and techniques for drawing on location /cVeronica Lawlor. 1aBeverly :bQuarto Knows,c2016. a112 pages :billustrations ;c21 cm. 2rdacontentatextbtxt 2rdamediaaunmediatedbn 2rdacarrieravolumebnc0 aUrban sketching handbooks a"Develop your own creative approach, no matter what your skill level with The Urban Sketching Handbook: Reportage and Documentary Drawing.The third volume in The Urban Sketching Handbook series, Reportage and Documentary Drawing, is about drawing as a form of journalism or documenting life. This includes drawings events such as parades, music performances, sporting events, speeches, and can include everything from newsworthy political events to simply documenting a day's adventures. It's about being attentive to your surroundings, and telling that story through your sketches.Artist Veronica Lawlor explains how to use art to find and tell the stories around you. From visual journalism to simply sharing your emotional experience of a place, a reportage illustrator has something to say to their audience. Just as there are all types of written stories to be told, mystery, horror, romance - this volume of The Urban Sketching Handbook series reminds artists, sketchers, doodlers, and illustrators that there are all types of visual stories waiting to be told. And the next step is to go out and tell them!Some of the key concepts explored in this volume are:- Observation- Context- History- Ritual- Understanding- Storytelling- Drama- Documentation"-- 7aDrawingxTechnique.2BUEsh937954 7aNarrative art.2BUEsh939839 bCOMAMEcApril2016 vReading book 2ddccBB c21640d21612 00102ddc40708AlahramaMAINbMAINc2NDd2016-04-18ePurchaseg145.00l4m32o741.2 LAWp000032358r2025-07-15 00:00:00s2023-11-23v181.25w2016-04-18yBB